LEADER 03859nam 2200577Ia 450 001 9910964885303321 005 20251116173010.0 010 $a1-134-81610-3 010 $a1-280-40808-1 010 $a9786610408085 010 $a0-203-13815-5 035 $a(CKB)1000000000252989 035 $a(EBL)166083 035 $a(OCoLC)70763469 035 $a(SSID)ssj0000230046 035 $a(PQKBManifestationID)11187225 035 $a(PQKBTitleCode)TC0000230046 035 $a(PQKBWorkID)10177646 035 $a(PQKB)10854817 035 $a(MiAaPQ)EBC166083 035 $a(EXLCZ)991000000000252989 100 $a19980729d1996 uy 0 101 0 $aeng 135 $aur|n|---||||| 181 $ctxt$2rdacontent 182 $cc$2rdamedia 183 $acr$2rdacarrier 200 00$aPsychological research $einnovative methods and strategies /$fedited by John Haworth 205 $aFirst edition. 210 $aLondon ;$aNew York $cRoutledge$dc1996 215 $a1 online resource (303 pages) 300 $aDescription based upon print version of record. 311 08$a0-415-11789-5 320 $aIncludes bibliographical references and index. 327 $aBook Cover; Title; Contents; List of illustrations; List of contributors; Foreword; Introduction: contemporary psychological research: visions from positional standpoints John Haworth; Preface; Mental health, work and leisure John Haworth; Questionnaire measures of health-relevant cognitions and behaviours Mark Conner and Mitch Waterman; Large-scale questionnaire research on drivers Michelle Meadows and Stephen Stradling; Advanced uses of multiple regression: modelling mediated and moderated effects Ros Bramwell; A brief guide to cross-cultural psychological research Robin Goodwin; Preface 327 $aCulture, perception and cognition Tim IngoldHanging around and making something of it: ethnography John Bowers; Methodological considerations in observing mother infant interactions in natural settings E. Connors and S.M. Glenn; Systemic interviewing and attributional analysis applied to international broadcasting Peter Stratton; Constructing and deconstructing childhood: images of children and charity appeals Erica Burman; Discursive complexes in material culture Ian Parker; Preface; Methodological issues in hypnosis Graham F. Wagstaff 327 $aQualitative methods in cognitive psychology: illustrations from decision process research and environmental cognition Rob Ranyard and Janis WilliamsonRemembering in a social context: experimental methods for the evaluation of collaborative recall Peter R. Meudell; The case study method in cognitive neuropsychology J.R. Hanley; Will these instructions do? Methods and techniques for assessing written communication James Hartley; Index 330 $aStarting a research project, however large or small can be a daunting prospect. New researchers can be confronted with a huge number of options not only of topic, but of conceptual underpinning. It is quite possible to conduct research into say, memory, from a number of research traditions. Psychology also has links with several other disciplines and it is possible to utilise their techniques; the difficulty is quite simply the wide variety of methodological approaches that psychological research embraces. In this collection, authors have been recruited to explain a wide range of different 606 $aPsychology$xResearch$xMethodology 606 $aPsychology, Experimental 615 0$aPsychology$xResearch$xMethodology. 615 0$aPsychology, Experimental. 676 $a150/.7/2 701 $aHaworth$b John T$g(John Trevor),$f1937-$0923263 801 0$bMiAaPQ 801 1$bMiAaPQ 801 2$bMiAaPQ 906 $aBOOK 912 $a9910964885303321 996 $aPsychological research$94486043 997 $aUNINA